| 000 | 00836cam a22002411 4500 | ||
|---|---|---|---|
| 001 | sg 44000109 | ||
| 003 | DLC | ||
| 005 | 20260227112742.0 | ||
| 008 | 810815s1944 xx a 000 0 eng | ||
| 010 | _asg 44000109 | ||
| 035 | _a(OCoLC)14721772 | ||
| 040 |
_aDLC _cDNLM _dDLC |
||
| 042 | _apremarc | ||
| 050 | 0 | 0 |
_aRC863 _b.I7 |
| 060 | 0 |
_aWG 140 _bI72r 1944 |
|
| 100 | 1 |
_aIrwin, Charles Bruce, _d1881-1943. |
|
| 245 | 1 | 2 |
_aA review of electrocardiographic interpretation, _cby Charles B. Irwin, M. D., Ralph E. Dolkart, M. D., and E. W. Passarelli, M. D. ... |
| 260 |
_aChicago, Ill., _bNorthwestern university press _c[1944] |
||
| 300 |
_a44 p. _bill. |
||
| 500 | _a"First edition." | ||
| 500 | _a"Arranged for use primarily by students at Northwestern university Medical school." - Foreword. | ||
| 504 | _a"References": p. 44. | ||
| 999 |
_c90375 _d90375 |
||